Logo CIB grande

SOLUTIONS, MINERALS AND EQUILIBRIA (Registro nro. 212414)

Detalles MARC
000 -LEADER
campo de control de longitud fija 00569nam a2200229Ia 4500
005 - FECHA Y HORA DE LA ÚLTIMA TRANSACCIÓN
campo de control 20250425161613.0
008 - DATOS DE LONGITUD FIJA--INFORMACIÓN GENERAL
campo de control de longitud fija 250425s9999 xx 000 0 und d
020 ## - NÚMERO INTERNACIONAL ESTÁNDAR DEL LIBRO
Número Internacional Estándar del Libro 0877353336
041 ## - CÓDIGO DE IDIOMA
Código de lengua del texto/banda sonora o título independiente eng
082 ## - NÚMERO DE LA CLASIFICACIÓN DECIMAL DEWEY
Número de clasificación 541.39
010 ## - NÚMERO DE CONTROL DE LA BIBLIOTECA DEL CONGRESO
Número de control de LC 24070
100 ## - ENTRADA PRINCIPAL--NOMBRE DE PERSONA
Nombre de persona GARRELS, ROBERT M
245 #0 - MENCIÓN DEL TÍTULO
Título SOLUTIONS, MINERALS AND EQUILIBRIA
250 ## - MENCION DE EDICION
Mención de edición 1TH ED.
260 ## - PUBLICACIÓN, DISTRIBUCIÓN, ETC.
Lugar de publicación, distribución, etc. Estados Unidos
Nombre del editor, distribuidor, etc. FREEMAN, COOPER
Fecha de publicación, distribución, etc. 1965
260 ## - PUBLICACIÓN, DISTRIBUCIÓN, ETC.
Lugar de publicación, distribución, etc. SAN FRANCISCO
300 ## - DESCRIPCIÓN FÍSICA
Extensión 450
650 ## - PUNTO DE ACCESO ADICIONAL DE MATERIA--TÉRMINO DE MATERIA
Término de materia o nombre geográfico como elemento de entrada EQUILIBRIO QUIMICO
650 ## - PUNTO DE ACCESO ADICIONAL DE MATERIA--TÉRMINO DE MATERIA
Término de materia o nombre geográfico como elemento de entrada QUIMICA CUANTITATIVA
700 ## - ENTRADA AGREGADA--NOMBRE PERSONAL
Nombre de persona CHRIST, CHARLES L
942 ## - ELEMENTOS DE ENTRADA SECUNDARIOS (KOHA)
Tipo de ítem Koha Libros
Existencias
Estatus retirado Estado de pérdida Estado de daño No para préstamo Biblioteca de origen Biblioteca actual Fecha de adquisición Coste, precio normal de compra Total de préstamos Código de barras Copia número Tipo de ítem Koha
        CENTRO DE INFORMACIÓN BIBLIOTECARIA CENTRO DE INFORMACIÓN BIBLIOTECARIA 26/06/1998 0.01   18345 1 Libros

Copyright 2025 ESPOL. Todos los derechos reservados.